000 00303nam a2200145Ia 4500
100 _aPhilippakis// Tazmier
942 _cBK
654 _aCobol
245 _aStructured Cobol
260 _bMc Graw Hill
_aNew Delhi
_c1993
082 _a5.133
_bPAN
300 _a433
546 _aENGLISH
999 _c34478
_d34478